Fotografujeme na rekreácii

Bibliographic Details
Main Author: Schreiber, Bedrich, 1926-1997 (Author)
Format: Book
Language:Slovak
PhysicalDescription:46, [2] s. 8°
Published: Martin Osveta 1961
Series:Fotoamatérom
Subjects:

MARC

LEADER 00000nam a2200000 a 4500
001 vtls008326132
003 SK-MaSNL
005 20260301182951.0
008 230403s1961 xo slo
015 |a SNBA1961/03-00529 
035 |a SK01SNK19610018349 
035 |a urn:nbn:sk:snk-amlq4a 
035 |a urn:nbn:sk:snk-am00c10t 
035 |a A3795B98-ED46-4232-8D55-5C591D902570 
035 |a SKM000020812 
040 |a SNK  |b slo  |c SNK  |e AACR2 
041 0 |a slo 
044 |a xo 
080 |a 77(035)  |2 1981 
100 1 |a Schreiber, Bedrich,  |d 1926-1997  |4 aut  |9 160288 
245 1 0 |a Fotografujeme na rekreácii  |c Bedrich Schreiber 
260 |a Martin  |b Osveta  |c 1961  |e Martin  |f Tlačiarne SNP 
300 |a 46, [2] s.  |c 8° 
490 1 |a Fotoamatérom  |v zv. 8 
500 |a Fot. 
563 |a 7000 výtl. 
650 0 7 |a fotografovanie  |2 SNK  |9 3158 
655 7 |a príručky  |2 SNKPH  |9 74364 
830 0 |a Fotoamatérom  |9 287299 
852 |a Slovenská národná knižnica 
954 |a odborná, vedecká literatúra pôvodná (slovenská)  |2 lita 
958 |a OND 
958 |a TL 
958 |a RK 
958 |a BQ 
958 |a EUIPO 
999 |c 855381  |d 857311 
952 |a SNK  |b SNK  |y PREZ  |7 0  |p 17A0699554  |o snkSD 19820  |i snkKSP 656/61  |0 0  |1 0  |4 0  |d 2011-05-12  |f 1  |l 0  |r 2025-12-03 00:00:00  |w 2026-02-24